Statystyki dla 15 krajów o największej liczbie zgonów Covid19 - 15 grudnia 2021

Kliknij tutaj aby rozwiązać quiz!

Ogólne statystyki

  • Ten quiz został rozwiązany 20 razy
  • Średni wynik to 12 z 27

Statystyki odpowiedzi

Land% Poprawnych
Niemcy
94%
Stany Zjednoczone
94%
Francja
88%
Włochy
88%
Rosja
81%
Brazylia
69%
Indie
69%
Wielka Brytania
69%
Meksyk
63%
Ukraina
50%
Argentyna
38%
Kolumbia
38%
Czechy
31%
Indonezja
31%
Iran
31%
Chorwacja
25%
Litwa
25%
Peru
25%
Słowenia
25%
Bośnia i Hercegowina
19%
Bułgaria
19%
Rumunia
19%
Słowacja
19%
Węgry
19%
Macedonia Północna
13%
Armenia
6%
Gruzja
6%

Rozkład punktacji

Percentyl według liczby udzielonych odpowiedzi

Procent ludzi z każdym wynikiem

Twoja historia wyników

Nie rozwiązałeś tego quizu